Normal view
MARC view
Entry Personal Name
001 - CONTROL NUMBER
- control field: 59945
003 - CONTROL NUMBER IDENTIFIER
- control field: dpl
005 - DATE AND TIME OF LATEST TRANSACTION
- control field: 20231219124036.0
008 - FIXED-LENGTH DATA ELEMENTS
- fixed length control field: 231219|| aca||aabn | a|a d
040 ## - CATALOGING SOURCE
- Original cataloging agency: dpl
- Transcribing agency: dpl
100 ## - HEADING--PERSONAL NAME
- Personal name: K.N.Krishna Kumar
670 ## - SOURCE DATA FOUND
- Source citation: Work cat.: (dpl)199692: Rao, K. Ravikanth 59943, Drama and Art in Education/, 2020
